windows 3.1 made simple (Record no. 156564)

MARC details
000 -LEADER
fixed length control field 00506nam a22001817a 4500
003 - CONTROL NUMBER IDENTIFIER
control field dpl
005 - DATE AND TIME OF LATEST TRANSACTION
control field 20180829131321.0
008 - FIXED-LENGTH DATA ELEMENTS--GENERAL INFORMATION
fixed length control field 180829b xxu||||| |||| 00| 0 eng d
020 ## - INTERNATIONAL STANDARD BOOK NUMBER
International Standard Book Number 0074632043
Terms of availability 0.00
035 ## - SYSTEM CONTROL NUMBER
System control number A-948687
040 ## - CATALOGING SOURCE
Original cataloging agency DPL
Language of cataloging EN
Transcribing agency 0
082 ## - DEWEY DECIMAL CLASSIFICATION NUMBER
Edition number 005.43
100 ## - MAIN ENTRY--PERSONAL NAME
Personal name Jain P.C
245 ## - TITLE STATEMENT
Title windows 3.1 made simple
Statement of responsibility, etc Jain Shashank
260 ## - PUBLICATION, DISTRIBUTION, ETC. (IMPRINT)
Place of publication, distribution, etc New delhi
Name of publisher, distributor, etc Tata Mcgraw-hill publishing company ltd.
Date of publication, distribution, etc N.L
300 ## - PHYSICAL DESCRIPTION
Extent vii,388p:
Dimensions 23cm
942 ## - ADDED ENTRY ELEMENTS (KOHA)
Source of classification or shelving scheme Dewey Decimal Classification
Koha item type English Books
Classification part 005.43
Call number suffix JAI
Holdings
Withdrawn status Lost status Source of classification or shelving scheme Damaged status Not for loan Collection code Home library Current library Date acquired Source of acquisition Cost, normal purchase price Total Checkouts Full call number Barcode Date last seen Cost, replacement price Price effective from Koha item type
    Dewey Decimal Classification     Non-fiction Diz Area Diz Area 29/08/2018 BPPD/PUB 0.00   005.43 JAI A-948687 29/08/2018 0.00 29/08/2018 English Books

© Delhi Public Library
Hit Counter
free hit counter